Score 0/36 Timer 04:00
0 Plays Today
Country % Correct
Australia
100%
Marshall Islands
92.6%
China
92.6%
Indonesia
92.6%
Fiji
92.6%
Japan
88.9%
Micronesia
88.9%
Tuvalu
88.9%
Tonga
88.9%
Chile
88.9%
Vanuatu
88.9%
Singapore
88.9%
Malaysia
88.9%
Thailand
88.9%
Nauru
85.2%
Philippines
85.2%
Argentina
85.2%
Papua New Guinea
85.2%
Country % Correct
Samoa
85.2%
Solomon Islands
85.2%
Vietnam
85.2%
Timor Leste
85.2%
Palau
81.5%
United States
81.5%
Laos
81.5%
Cambodia
81.5%
Kiribati
77.8%
Taiwan
77.8%
South Korea
77.8%
Brunei
77.8%
Myanmar
77.8%
India
77.8%
Russia
63%
South Africa
63%
Mexico
40.7%
New Zealand
25.9%
Remove Ads.
Support Sporcle.
Get the best of Sporcle when you Go Orange. This ad-free experience offers more features, more stats, and more fun while also helping to support Sporcle. Thank you for becoming a member.

You're not logged in!

Compare scores with friends on all Sporcle quizzes.
OR
Log In

Show Comments

Extras

Top Quizzes Today


Score Distribution

Your Account Isn't Verified!

In order to create a playlist on Sporcle, you need to verify the email address you used during registration. Go to your Sporcle Settings to finish the process.

Report this User

Report this user for behavior that violates our Community Guidelines.

Details: